000 01824cam a22005054i 4500
003 PE-LiUPU
005 20250731165539.0
008 150625s r 000 0 d
020 _a9589085008
035 _a(Sirsi) i9789589085004
040 _aPE-LiUPU
_bspa
_cPE-LiUPU
_erda
049 _aPRUA
082 0 4 _a463.42
_bS184
_221
100 1 _aSallarés, Enrique,
_eautor.
245 1 0 _aPrimer consultor infantil español inglés.
_n4 /
_cEnrique Sallarés.
264 1 _aBogotá, Colombia :
_bEditorial Zamora,
_c[19??].
300 _a428 páginas :
_bilustraciones, gráficos ;
_c28 centímetros
336 _atext
_2rdacontent
337 _aunmediated
_2rdamedia
338 _avolume
_2rdacarrier
505 0 _aPrimer cosultor infantil español inglés. De: R-Z.
526 _aSEG44
526 _aSEG26
526 _aP151
526 _aP150
526 _aP149
526 _aP146
526 _aP145
526 _aP126
526 _aP125
526 _aP92
526 _aP75
526 _aP74
526 _aP27
526 _aP15
942 _2ddc
_cBOOK
949 _aRC 463.42 S18 4
_wDEWEY
_c1
_i25681
_lCCODEBUL1
_mBUL
_r0
_sY
_tBOOK
_u2015-6-25
_xEDUCACION
_zUNKNOWN
_0COMPRA
_o.STAFF. Colección General
949 _aRC 463.42 S18 4
_wDEWEY
_c2
_i25677
_lCCODEBUL1
_mBUL
_r0
_sY
_tBOOK
_u2015-6-25
_xEDUCACION
_zUNKNOWN
_0COMPRA
_o.STAFF. Colección General
994 _aC0
_bPEPRU
596 _a1
999 _aRC 463.42 S18 4
_wDEWEY
_c40548
_i25681
_f2021-11-9
_g4
_lCCODEBUL1
_mBUL
_r1
_sY
_tBOOK
_u2015-6-25
_xEDUCACION
_zUNKNOWN
_0COMPRA
_o.STAFF. Colección General
_d40548
999 _aRC 463.42 S18 4
_wDEWEY
_c2
_i25677
_f2021-11-9
_g4
_lCCODEBUL1
_mBUL
_r1
_sY
_tBOOK
_u2015-6-25
_xEDUCACION
_zUNKNOWN
_0COMPRA
_o.STAFF. Colección General
980 _81
_gALBERTO SANCHEZ Responsable de Automatización